Score 0/194 Timer 15:00
1 Play Today
Country Capitol % Correct
FranceParis
87.8%
JapanTokyo
85.4%
ItalyRome
85.4%
GermanyBerlin
85.2%
GreeceAthens
84.1%
MexicoMexico City
83.5%
ChinaBeijing
82.6%
RussiaMoscow
82.5%
EgyptCairo
82.4%
United States of AmericaWashington D.C.
82%
South KoreaSeoul
81.5%
IrelandDublin
81.4%
CanadaOttawa
80.7%
United KingdomLondon
80.2%
BelgiumBrussels
79.7%
AustriaVienna
79.6%
AustraliaCanberra
79%
NorwayOslo
79%
ArgentinaBuenos Aires
78.7%
SpainMadrid
78.6%
IsraelJerusalem
78.6%
BrazilBrasilia
78%
AfghanistanKabul
77.3%
CubaHavana
76.6%
IndiaNew Delhi
75.3%
DenmarkCopenhagen
74.4%
PolandWarsaw
74.4%
PortugalLisbon
74.2%
IraqBaghdad
74.2%
FinlandHelsinki
74%
NetherlandsAmsterdam
73.6%
PeruLima
73.6%
HungaryBudapest
73.4%
ChileSantiago
72.3%
Czech RepublicPrague
72.2%
LuxembourgLuxembourg
72.1%
JamaicaKingston
71.8%
Vatican CityVatican City
71.6%
PanamaPanama City
71%
SwedenStockholm
70.7%
IranTehran
70.3%
North KoreaPyongyang
70.2%
AlgeriaAlgiers
68.8%
BulgariaSofia
68.1%
BelarusMinsk
67.8%
IcelandReykjavik
67.4%
ColombiaBogota
66.5%
IndonesiaJakarta
65.6%
MonacoMonaco
65.6%
GuatemalaGuatemala City
65.2%
ThailandBangkok
65%
SingaporeSingapore
64.6%
South AfricaPretoria
64.1%
SwitzerlandBern
63.7%
PakistanIslamabad
63.5%
El SalvadorSan Salvador
63.5%
KuwaitKuwait City
62.7%
New ZealandWellington
62.6%
San MarinoSan Marino
62.5%
KenyaNairobi
62.4%
BoliviaLa Paz
61.9%
HaitiPort-au-Prince
61.8%
Bosnia and HerzegovinaSarajevo
61.3%
UkraineKyiv
61.3%
RomaniaBucharest
61%
Country Capitol % Correct
DjiboutiDjibouti
60.3%
PhilippinesManila
60.1%
TurkeyAnkara
59.8%
TunisiaTunis
58.5%
AndorraAndorra la Vella
58.2%
CroatiaZagreb
56.9%
LatviaRiga
56.8%
EcuadorQuito
56.6%
SyriaDamascus
56.5%
LibyaTripoli
56%
AlbaniaTirana
55.9%
VietnamHanoi
55.1%
Costa RicaSan Jose
55.1%
The BahamasNassau
54.1%
AzerbaijanBaku
53.4%
VenezuelaCaracas
53.4%
EstoniaTallinn
53.2%
TaiwanTaipei
52.9%
LebanonBeirut
52.5%
United Arab EmiratesAbu Dhabi
52.3%
BangladeshDhaka
51.9%
MalaysiaKuala Lumpur
51.9%
Guinea-BissauBissau
51.7%
EthiopiaAddis Ababa
51.6%
UruguayMontevideo
50.6%
NepalKathmandu
50.4%
SerbiaBelgrade
50.3%
MoroccoRabat
50.3%
Saudi ArabiaRiyadh
50.3%
GuyanaGeorgetown
50.2%
SlovakiaBratislava
50.1%
CyprusNicosia
49.1%
JordanAmman
49.1%
Sierra LeoneFreetown
49%
Sao Tome and PrincipeSao Tome
48.2%
LithuaniaVilnius
48.1%
St. Vincent and The GrenadinesKingstown
48.1%
ArmeniaYerevan
47.1%
CambodiaPhnom Penh
47%
SenegalDakar
47%
Democratic Republic of CongoKinshasa
46.4%
GhanaAccra
46.3%
AngolaLuanda
46.2%
OmanMuscat
46.2%
Dominican RepublicSanto Domingo
46.1%
Antigua and BarbudaSaint John's
45%
GeorgiaTbilisi
44.8%
MongoliaUlaanbaatar
44.2%
ParaguayAsuncion
43.9%
QatarDoha
43.7%
MacedoniaSkopje
43.6%
MaltaValletta
43.6%
Republic of CongoBrazzaville
41.7%
KosovoPristina
41.5%
LiechtensteinVaduz
41.4%
KazakhstanAstana
41.2%
LiberiaMonrovia
40.3%
MaldivesMale
40.3%
SeychellesVictoria
40%
GrenadaSaint George's
39.9%
SloveniaLjubljana
39.7%
Trinidad and TobagoPort-of-Spain
39.7%
SomaliaMogadishu
39.6%
NicaraguaManagua
39.2%
East TimorDili
39.1%
Country Capitol % Correct
BarbadosBridgetown
38.9%
BahrainManama
38.5%
Cape VerdePraia
37.8%
ZimbabweHarare
37.6%
BelizeBelmopan
37%
YemenSanaa
36.9%
Sri LankaColombo
36.9%
NamibiaWindhoek
36.8%
Papua New GuineaPort Moresby
36.5%
MoldovaChisinau
36.3%
HondurasTegucigalpa
35.4%
FijiSuva
35.3%
GabonLibreville
35.2%
BeninPorto-Novo
35.2%
SudanKhartoum
33.1%
GuineaConakry
32.3%
EritreaAsmara
32.2%
BhutanThimphu
32.1%
LaosVientiane
32%
NigeriaAbuja
31.9%
RwandaKigali
31.9%
MadagascarAntananarivo
31.7%
ChadN'Djamena
31.3%
ZambiaLusaka
31.2%
TogoLome
30.8%
UzbekistanTashkent
30.7%
MozambiqueMaputo
30.6%
KyrgyzstanBishkek
30.6%
SurinameParamaribo
30.4%
UgandaKampala
30.1%
MontenegroPodgorica
29.1%
MauritiusPort Louis
28.7%
BotswanaGaborone
28.6%
MalawiLilongwe
28.5%
SamoaApia
28.3%
DominicaRoseau
28.1%
Burkina FasoOuagadougou
28%
ComorosMoroni
28%
NigerNiamey
27.8%
CameronYaounde
27%
Central African RepublicBangui
26.9%
The GambiaBanjul
26.7%
Equatorial GuineaMalabo
26.4%
MaliBamako
26.4%
VanuatuPort-Vila
25.6%
St. LuciaCastries
24.6%
TanzaniaDodoma
24.5%
BruneiBandar Seri Begawan
24.4%
BurundiBujumbura
24%
LesothoMaseru
23.6%
TurkmenistanAshgabat
23.3%
TajikistanDushanbe
22.7%
St. Kitts and NevisBasseterre
21.3%
TuvaluFunafuti
21.1%
Solomon IslandsHoniara
20.9%
Marshal IslandsMajuro
20.5%
Cote d'IvoireYamoussoukro
19.6%
SwazilandMbabane
19.3%
Federated States of MicronesiaPalikir
19.2%
MauritaniaNouakchott
17.7%
TongaNuku'alofa
16.2%
Myanmar (Burma)Naypyidaw
15.2%
KiribatiTarawa Atoll
13.7%
PalauMelekeok
12.8%
Remove Ads.
Support Sporcle.
Get the best of Sporcle when you Go Orange. This ad-free experience offers more features, more stats, and more fun while also helping to support Sporcle. Thank you for becoming a member.

You're not logged in!

Compare scores with friends on all Sporcle quizzes.
OR
Log In

Show Comments

Extras

Created Oct 20, 2010ReportNominate
Tags:Country Quiz, capitol, location

Top Quizzes Today


Score Distribution

Your Account Isn't Verified!

In order to create a playlist on Sporcle, you need to verify the email address you used during registration. Go to your Sporcle Settings to finish the process.

Report this User

Report this user for behavior that violates our Community Guidelines.

Details: